Oxford Dictionary of Idioms (Record no. 587814)

000 -LEADER
fixed length control field 00254nam a2200121 4500
040 ## - CATALOGING SOURCE
Transcribing agency DLC
082 ## - DEWEY DECIMAL CLASSIFICATION NUMBER
Classification number 423.13
Author Mark OXF
100 ## - MAIN ENTRY--PERSONAL NAME
Personal name Oxford
9 (RLIN) 88894
245 ## - TITLE STATEMENT
Title Oxford Dictionary of Idioms
260 ## - PUBLICATION, DISTRIBUTION, ETC.
Place of publication, distribution, etc. ?
Name of publisher, distributor, etc. ?
Date of publication, distribution, etc. ?
300 ## - PHYSICAL DESCRIPTION
Extent ?
Other physical details ?
Dimensions 18cm
942 ## - ADDED ENTRY ELEMENTS (KOHA)
Source of classification or shelving scheme
Koha item type Book
Holdings
Withdrawn status Lost status Source of classification or shelving scheme Damaged status Not for loan Permanent Location Current Location Date acquired Total Checkouts Full call number Barcode Date last seen Date last checked out Price effective from Koha item type
  Write Off       School of Civil and Environmental Engineering (SCEE) School of Civil and Environmental Engineering (SCEE) 02/08/2022 1 423.13 OXF NIT-7122 03/03/2022 02/08/2022 02/08/2022 Reference
© 2023 Central Library, National University of Sciences and Technology. All Rights Reserved.